000 00857nam a22002177a 4500
005 20150527133633.0
008 140129t sp||||| |||| 00| 0 spa d
020 _a8449311187
050 0 4 _aP96 .T42
_bP33 2001
100 1 _aPablos, José Manuel de,
_d1945
245 1 3 _aLa red es nuestra :
_bel "periódico" telemático, la revista en línea, la radio digital y el libroweb cambiarán las formas de comunicación social /
_cJosé Manuel de Pablos
250 _a1a ed.
260 _aBarcelona :
_bPaidós,
_c2001
300 _a272 p. ;
_c20 cm.
440 0 _aPapeles de comunicación ;
_v35
504 _aBibliografia : p. 267-272 e índice
650 4 _aMedios de comunicación masiva
_xInnovaciones tecnológicas
650 4 _aMedios de comunicación masiva
_xAspectos sociales
650 4 _aSociedad de la información
942 _2lcc
_cLIB
999 _c48242
_d48242